À quel pays appartiennent ces pièces d'euro ? - 2024 - Statistiques

Statistiques générales
  • Ce quiz a été pris 27 fois
  • Le résultat moyen est 20 sur 34
Statistiques - réponses
Par images Réponse % Correct
Malte
100%
Andorre
95%
Espagne
86%
France
86%
Lettonie
86%
Slovénie
86%
Vatican
86%
Belgique
81%
Espagne
81%
Malte
81%
Monaco
76%
Estonie
71%
Grèce
71%
Portugal
71%
Allemagne
67%
Portugal
67%
Belgique
62%
Italie
62%
Lituanie
62%
Chypre
52%
Luxembourg
52%
Saint-Marin
52%
Italie
48%
Saint-Marin
48%
France
43%
Slovaquie
43%
Andorre
38%
Finlande
29%
Grèce
29%
Luxembourg
29%
Croatie
24%
Allemagne
19%
Croatie
19%
Finlande
10%
Aucun quiz correspondant
Distribution des résultats
% des personnes avec chaque résultat
Percentile par nombre de réponses
Votre historique - résultats
Vous n’avez pas pris ce quiz